| 000 | 00554nam a2200193Ia 4500 | ||
|---|---|---|---|
| 005 | 20250508162832.0 | ||
| 008 | 008 250505s9999 xx 000 0 eng d | ||
| 020 | _a81-85402-20-5 | ||
| 037 | _aTextual | ||
| 040 |
_aFEDL _beng _cFEDL |
||
| 041 |
_aeng _2eng |
||
| 084 |
_a379.154, AGG _qFEDL |
||
| 100 | _aAggarwal J C | ||
| 245 | 0 | _aEducation policy in India: 1992 restrosepect and prosepect | |
| 260 |
_aDelhi, India _bShipra Publications _c1992 |
||
| 300 | _a194p. | ||
| 942 |
_cTEXL _h379.154, AGG |
||
| 999 |
_c1378964 _d1378964 |
||